10 filmes mais premiados no Óscar - Statistics

Estatísticas Gerais
  • Esse quiz foi jogado 539 vezes
  • A pontuação média é 2 de 10
Estatísticas das Respostas
Ano Premios Filme % Correto
1997 11 Titanic
99%
1959 11 Ben-Hur
36%
2003 11 O Senhor dos Anéis: O retorno do Rei
20%
2008 8 Quem Quer Ser Um Milionário
9%
1961 10 Amor, Sublime Amor
7%
1996 9 O Paciente Inglês
6%
1958 9 Gigi
5%
1987 9 O Último Imperador
5%
1982 8 Gandhi
4%
1964 8 Minha Bela Dama
2%
Nenhum quiz correspondente encontrado
Distribuição das Pontuações
Porcentagem de Pessoas com Cada Pontuação
Percentil de Números Respondidos
Sua Pontuação Histórica
Você não jogou esse quiz